00984nam a2200265Ia 4500003000400000005001700004008004100021020001800062040001800080041000800098082002500106245008700131250001200218260003800230300002700268650002600295650003200321700003500353700003600388700003600424700003200460942003400492999001900526952017300545OSt20250122114416.0210716s2012 xx 000 0 und d a9789350620014 cAIMIT LIBRARY aeng a001.072658 21bKUNS aBusiness management :bkey research issues /cEdited by Subhash C Kundu...[et.al]. a1st ed. aNew Delhi :bExcel Books ,c2012. ax,833p. ;bPBc25.1 cm aFinance- area9194513 aMiscellaneous- area9194514 aKundu, Subhash C., ed.9194515 aPunia, Bijender K., ed.9194516 aNarwal, Karam Pal., ed.9194517 aSingh, Dalbir., ed.9194518 2ddccBKe1stk001.072658 KUNS c192649d192649 00102ddc40708MCAaAIMITbAIMITeKnowledge Worldg950.00iBill no:1349; Bill dt:2012-09-19l0o001.072658 KUNSpMCA12157r2025-07-21 00:00:00v712.50w2021-07-16yBK